Cuerpo humano e imagen corporal : notas para una antropología de la corporeidad /

Texto que recorre las maneras como el cuerpo humano ha sido pensado socialmente a lo largo de la historia y da cuenta de la estrecha vinculación que tiene con la construcción de la imagen e identidad personal.

Enregistré dans:
Détails bibliographiques
Auteur principal: Aguado Vázquez, José Carlos (autor)
Autres auteurs: Ruz, Mario Humberto (prólogo) (prólogo)
Format: Livre
Langue:espagnol
Publié: México : UNAM, 2011, c2011
Sujets:
Tags: Ajouter un tag
Pas de tags, Soyez le premier à ajouter un tag!

MARC

LEADER 00000nam^a2200000^a^4500
001 000318886
005 20250521000000.0
009 20260310113425.896
020 |a 978-970-32-1142-5 
037 |a Acervo ITESO - Biblioteca 
041 |a ESP 
082 |a 746. 9204  |b AGU 
100 |a Aguado Vázquez, José Carlos  |e (autor) 
245 1 0 |a Cuerpo humano e imagen corporal :  |b notas para una antropología de la corporeidad /  |c J.C. Aguado Vázquez ; pról. de M.H. Ruz. 
264 4 |a México :  |b UNAM,  |c 2011, c2011 
300 |a 366 p. 
336 |a texto  |b txt  |2 rdacontenido 
337 |a sin mediación  |b n  |2 rdamedio 
338 |a volumen  |b nc  |2 rdasoporte 
520 |a Texto que recorre las maneras como el cuerpo humano ha sido pensado socialmente a lo largo de la historia y da cuenta de la estrecha vinculación que tiene con la construcción de la imagen e identidad personal. 
649 |a XX 
650 |a Cuerpo Humano -  |x Aspectos Sociales y Culturales -  |x Tema Principal 
650 |a Cuerpo Humano -  |x Historia 
650 |a Sexualidad 
650 |a Imagen Corporal 
650 |a Imagen Personal 
650 |a Identidad Personal 
650 |a Sociología de la Cultura 
650 |a Antropología Cultural 
700 |a Ruz, Mario Humberto  |e (prólogo) 
910 |a Fondo General 
920 |a Impresos - Libros 
930 |a Colección General 
905 |a 101 
901 |a 0500205873  |b IT1  |c ACC  |i C130321  |u 20250521 
902 |a https://opac.biblio.iteso.mx/vufind/Record/000318886